Markets (Record no. 84137)

MARC details
000 -LEADER
fixed length control field 01116cab a22002055a 4500
001 - CONTROL NUMBER
control field L156743
008 - FIXED-LENGTH DATA ELEMENTS--GENERAL INFORMATION
fixed length control field 120709e2012 xxk 000 0 eng d
035 ## - SYSTEM CONTROL NUMBER
System control number (Sirsi) u156743
041 0# - LANGUAGE CODE
Language code of text/sound track or separate title eng
100 1# - MAIN ENTRY--PERSONAL NAME
Personal name Unger, Paul
245 00 - TITLE STATEMENT
Title Markets
Remainder of title North-west
260 ## - PUBLICATION, DISTRIBUTION, ETC.
Date of publication, distribution, etc. 2012
490 #0 - SERIES STATEMENT
Series statement Property Week
Volume/sequential designation 78 (27) 6 July 2012, 45-60(6)
520 ## - SUMMARY, ETC.
Summary, etc. Surveys recent commercial and residential property activity in the region: Wilson Bowden has submitted revised plans for Macclesfield town centre; Preston City Council has finally jettisoned its Titheburn retail project and issued a new Preston city centre prospectus; and residential development is accelerating quickly in central Manchester according to recent Jones Lang LaSalle research. Shed development in the region is rising as the lack of supply reaches tipping point with major occupier requirements in the pipeline. Leisure property development in Manchester is in full swing with new restaurants supporting retail.
590 ## - LOCAL NOTE (RLIN)
Local note KA
651 #4 - SUBJECT ADDED ENTRY--GEOGRAPHIC NAME
Geographic name England
690 ## - LOCAL SUBJECT ADDED ENTRY--TOPICAL TERM (OCLC, RLIN)
Topical term or geographic name as entry element Residential property
9 (RLIN) 6266
690 ## - LOCAL SUBJECT ADDED ENTRY--TOPICAL TERM (OCLC, RLIN)
Topical term or geographic name as entry element Commercial property
9 (RLIN) 6227
942 ## - ADDED ENTRY ELEMENTS (KOHA)
Suppress in OPAC 0
Holdings
Withdrawn status Lost status Source of classification or shelving scheme Damaged status Not for loan Home library Current library Shelving location Date acquired Total Checkouts Full call number Barcode Date last seen Copy number Price effective from Koha item type
    Dewey Decimal Classification     London London Journal article 08/07/2012   L156743 156743-1001 06/08/2019 1 06/08/2019 Journal article